LEADER 02621nam 22006134a 450 001 9910451371403321 005 20200520144314.0 010 $a0-8157-3562-6 035 $a(CKB)1000000000486896 035 $a(SSID)ssj0000268529 035 $a(PQKBManifestationID)11192787 035 $a(PQKBTitleCode)TC0000268529 035 $a(PQKBWorkID)10236547 035 $a(PQKB)10695052 035 $a(MiAaPQ)EBC1069054 035 $a(OCoLC)614498080 035 $a(MdBmJHUP)muse35333 035 $a(Au-PeEL)EBL1069054 035 $a(CaPaEBR)ebr10224518 035 $a(OCoLC)818846706 035 $a(EXLCZ)991000000000486896 100 $a20071025d2008 uy 0 101 0 $aeng 135 $aurcn||||||||| 181 $ctxt 182 $cc 183 $acr 200 00$aVoting technology$b[electronic resource] $ethe not-so-simple act of casting a ballot /$fPaul S. Herrnson ... [et al.] 210 $aWashington, D.C. $cBrookings Institution Press$dc2008 215 $axiii, 215 p. $cill 300 $aBibliographic Level Mode of Issuance: Monograph 311 $a0-8157-3563-4 311 $a0-8157-3564-2 320 $aIncludes bibliographical references and index. 327 $aThe study of electronic voting -- A new generation of voting systems -- Voter reactions to electronic voting systems -- The accuracy of electronic voting systems -- Inequality in the voting booth -- Vote verification systems -- Toward more user-friendly voting and election systems. 330 $a"Evaluates five commercially available voting systems, against different criteria (including ease of use, speed, and accuracy) using field and laboratory experiments and expert reviews. Initiates new research into interactions between ballot format and voter behavior. Offers best practices for voting system manufacturers, ballot designers, election officials, political observers, and voters"--Provided by publisher. 606 $aElectronic voting$zUnited States 606 $aVoting$xTechnological innovations 606 $aVoting-machines$zUnited States$xReliability 606 $aElections$zUnited States$xEquipment and supplies 608 $aElectronic books. 615 0$aElectronic voting 615 0$aVoting$xTechnological innovations. 615 0$aVoting-machines$xReliability. 615 0$aElections$xEquipment and supplies. 676 $a324.6/5 701 $aHerrnson$b Paul S.$f1958-$0884569 801 0$bMiAaPQ 801 1$bMiAaPQ 801 2$bMiAaPQ 906 $aBOOK 912 $a9910451371403321 996 $aVoting technology$92447785 997 $aUNINA